Music Quiz

Random Music or The Simpsons Quiz
Score 0/136 Timer 10:00
1 Play Today
Lyrics % Correct
the
92.1%
the
92.1%
the
92.1%
The
92.1%
the
92.1%
a
91.1%
a
91.1%
a
91.1%
I
90.1%
I
90.1%
I
90.1%
you
73.6%
Is
65.3%
and
64.6%
and
64.6%
be
63.6%
on
62.4%
on
62.4%
on
62.4%
it
62.2%
It
62.2%
it
62.2%
No,
56%
can.
56%
What
53.6%
are
53.2%
my
51.9%
my
51.9%
my
51.9%
my
51.9%
there
50%
your
47.2%
your
47.2%
your
47.2%
Not
45.8%
as
40.8%
as
40.8%
us
39.9%
Were
39.6%
man.
39.5%
Mono...
39%
could
38.8%
life,
37.8%
monorail!
37.8%
Monorail!
37.8%
Monorail.
37.8%
Lyrics % Correct
Monorail!
37.8%
Monorail!
37.8%
Monorail!
37.8%
Monorail!
37.8%
Monorail!
37.8%
Monorail!
37.8%
Monorail!
37.8%
Monorail!
37.8%
But
36.6%
all
36%
good
35.7%
good
35.7%
has
34.7%
friend.
34%
D'oh
33.9%
here
33.6%
I'm
33.5%
by
33.3%
it's
31.5%
hear
31.3%
off
31.1%
about
30.3%
say?
30.1%
up
29.9%
Take
28.4%
like
28.4%
Hindu
28.3%
chance
28.1%
track
27.8%
those
27.4%
bend?
27%
You'll
26.6%
Mom,
25.7%
sir,
25.6%
sir,
25.6%
came
25.6%
jobs.
24.6%
things
24.3%
given
23.9%
slobs?
23.8%
spoken!
23.8%
loud...
23.6%
mob
23.5%
cloud.
23.4%
level.
23.4%
knife,
23.3%
Lyrics % Correct
devil?
23.3%
pudding
23.3%
cushy
23.1%
pen
23.1%
sent
22.9%
What's
22.8%
What's
22.8%
Sorry,
22.7%
only
22.2%
broken...
21.9%
Main
21.9%
still
21.5%
Well,
21.4%
dead
21.2%
ring
21.2%
awfully
20.9%
called?
20.7%
called?
20.7%
softly
20.5%
Street's
20.4%
brain-
20.3%
cracked
19.6%
car
19.5%
glides
19.5%
again...
18.8%
hands
17.8%
voice!
17.7%
raise
17.3%
What'd
16.7%
there's
16.3%
Once
16.1%
nothing
15.9%
choice...
15.9%
Throw
15.1%
Springfield's
14.9%
swear
14.2%
right!
13.9%
Earth
13.6%
genuine,
13.4%
bona
13.2%
That's
13.1%
fide,
12.8%
six-
12.3%
electrified,
12%

You're not logged in!

Compare scores with friends on all Sporcle quizzes.
OR
Log In

Sporcle TV

Today on Sporcle TV


Watch our educational content, quiz creation guides, and fun videos on Sporcle TV.

Show Comments

Extras

Top Quizzes Today


Score Distribution

Paid Content

Your Account Isn't Verified!

In order to create a playlist on Sporcle, you need to verify the email address you used during registration. Go to your Sporcle Settings to finish the process.

Report this User

Report this user for behavior that violates our Community Guidelines.

Details: